00763nam a22002057a 4500999001900000005001700019010001300036020001000049035001200059037001300071082001000084100004000094245007200134246005300206260005300259270005900312300002000371942002900391952013700420 c195620d19562020230410095357.0 aUR-11915 c500.0 aU-10470 bDBAD/PUB a230.1 aکول ، سروانند پریمی aشری مد بھگوت گیتا /cسروانند کول پریمی aShrimad Bhagvad Gita /bby Sarwanand Kaul Premi  aني دہلیbراجند ر پریمیc2009 ء a172 ای ، سریتا وہارbني دہلیe110076 a326صc22cm(Hb) 2ddccURh230.1mک و ل 001040708NFICaZLSbZLSd2023-04-10eDBAD/PUBg500.00l0o230.1 ک و لpU-10470r2023-04-10 00:00:00t1v500.00w2023-04-10yUR